| 000 | 00946nas a2200253 4500 | ||
|---|---|---|---|
| 001 | BR8706262 | ||
| 003 | BR-BrBNA | ||
| 005 | 20231205090844.0 | ||
| 007 | ta | ||
| 008 | 230509b bl.|||p| |||| 00| 00por d | ||
| 040 |
_aBR-BrBNA _bpor _cBiblioteca Nacional de Agricultura |
||
| 041 | _a(Pt) | ||
| 072 | _aH10 | ||
| 100 | 1 | _aMartins, F.J.M. | |
| 100 | 1 | _aVecchio, M.C. del | |
| 100 | 1 | _aGrazia, J. | |
| 245 | 1 | _aEstudo dos imaturos de pentatomideos (Heteroptera)que vivem sobre o arroz (Oryza sativa L.): 1 - Mormidea quinqueluteum (Lichtenstein, 1796) | |
| 246 | 1 | _aStudy of immatures of Pentatomidae (Heteroptera)living on rice (Oryza sativa L.): 1 - Mormidea quinqueluteum (Lichtenstein, 1796) | |
| 650 | _aARROZ | ||
| 650 | _aHETEROPTERO | ||
| 773 | 0 |
_tAnais da Sociedade Entomologica do Brasil (Brazil) _xISSN 0301-8059 _g(1986), v. 15(2) p. 349-359 _wBR8706262 |
|
| 909 |
_a202311 _bLúcia _c55 _dLúcia Elande |
||
| 942 |
_2AGRIS _n0 _cANA |
||
| 999 |
_c121269 _d121269 |
||